000 01156 a2200265 4500
005 20081117104836.0
008 081117t xxu||||| |||| 00| 0 hin d
010 _aHIN-85298
020 _a9788184550610
_c500.00
035 _aHN-57644
037 _bDBAD
040 _aDPL
_bHN
082 _a327
100 _aसरोज बाला
245 _aअन्तर्राष्ट्रीय राजनीति /
_cसरोज बाला
246 _aAntarraashtriiya raajaniiti
_bby Saroj Bala
260 _aनई दिल्ली
_bओमेगा पब्लिकेशन्स
_c2008
270 _a4398/5, अंसारी रोड़, दरियागंज
_bनई दिल्ली
_e110002
_k011-265901906
300 _a271 पृ
_c22सेमी (सजिल्द)
610 _a
650 _aअन्तर्राष्ट्रीय संबंध
650 _aInternational relations.
942 _adpl
_cHN
_2ddc
_mसरोज
_h327
999 _c19399
_d19399